มุมมองปกติ
มุมมองแบบ MARC
- ยุทธนา รูปขจร
รายการ Personal Name
001 - CONTROL NUMBER
- control field: 66548
003 - CONTROL NUMBER IDENTIFIER
- control field: NALT
005 - DATE AND TIME OF LATEST TRANSACTION
- control field: 20250904091315.0
008 - FIXED-LENGTH DATA ELEMENTS
- fixed length control field: 250904|| aca||aabn | a|a d
040 ## - CATALOGING SOURCE
- Original cataloging agency: NALT
100 04 - HEADING--PERSONAL NAME
- Personal name: ยุทธนา รูปขจร
- General subdivision: ชีวประวัติ
